Complete the Card - WWE King of the Ring 2001 - Statistics

General Stats
  • This quiz has been taken 286 times
  • The average score is 12 of 14
Answer Stats
Answer % Correct
Kurt Angle
99%
Stone Cold Steve Austin
99%
Edge
97%
Chris Jericho
93%
Shane McMahon
92%
Chris Benoit
91%
Christian
89%
Kane
88%
Bubba Ray Dudley
85%
D-Von Dudley
85%
Spike Dudley
83%
Jeff Hardy
82%
X-Pac
80%
Rhyno
60%
No matching quizzes found
Score Distribution
Percent of People with Each Score
Percentile by Number Answered
Your Score History
You have not taken this quiz